01535nam a2200349 a 4500001001200000003000800012006001900020007001500039008004100054020001800095020002700113040002100140035002100161050002300182245008300205260003400288300003600322490005900358504005100417505017600468533015200644650001400796650002700810650003400837650004500871655002900916700002000945710001700965830006000982856012601042999001701168ebr10558733CaPaEBRm u cr cn|||||||||120604s2012 gw a sb 001 0 eng d z9783527329663 z9783527645978 (e-book) aCaPaEBRcCaPaEBR a(OCoLC)78784375314aQP551b.P76 2012eb00aProtein-ligand interactionsh[electronic resource] /cedited by Holger Gohlke. aWeinheim :bWiley-VCH,c2012. axx, 339 p. :bill. (some col.).1 aMethods and principles in medicinal chemistry ;vv. 53 aIncludes bibliographical references and index.0 apt. 1. Binding thermodynamics -- pt. 2. Learning from biophysical experiments -- pt. 3. Modeling protein-ligand interactions -- pt. 4. Challenges in molecular recognition. aElectronic reproduction.bPalo Alto, Calif. :cebrary,d2013.nAvailable via World Wide Web.nAccess may be limited to ebrary affiliated libraries. 0aProteins. 0aLigands (Biochemistry) 0aLigand binding (Biochemistry) 0aDrugsxStructure-activity relationships. 7aElectronic books.2local1 aGohlke, Holger.2 aebrary, Inc. 0aMethods and principles in medicinal chemistry ;vv. 53.40uhttp://site.ebrary.com/lib/rucke/Doc?id=10558733zAn electronic book accessible through the World Wide Web; click to view c88738d88738